[Event "DVM U20 2019"]
[Site "Braunschweig GER"]
[Date "2019.12.30"]
[Round "7"]
[White "Röhr, Tobias"]
[Black "Schubert, Bernhard"]
[Result "1-0"]
[Termination "normal"]
[Board "2.4"]
[WhiteElo "2103"]
[BlackElo "1586"]
[WhiteClock "00:49:21"]
[BlackClock "00:37:17"]
[WhiteTeam "SG Aufbau Elbe Magdeburg"]
[BlackTeam "USV TU Dresden"]
[PlyCount "53"]
[WhiteFideId "12963089"]
[BlackFideId "16281713"]
[EventCountry "GER"]
[EventRounds "7"]
[EventType "team-swiss"]
[EventDate "2019.12.26"]

1. d4 {[%clk 1:30:59]} d5 {[%clk 1:30:55]} 2. c4 {[%clk 1:31:25]} e6 {[%clk
1:31:21]} 3. Nc3 {[%clk 1:31:45]} Nf6 {[%clk 1:31:44]} 4. Bg5 {[%clk 1:32:06]}
Be7 {[%clk 1:32:09]} 5. e3 {[%clk 1:32:19]} h6 {[%clk 1:32:30]} 6. Bh4 {[%clk
1:31:54]} b6 {[%clk 1:32:26]} 7. cxd5 {[%clk 1:30:50]} exd5 {[%clk 1:32:31]} 8.
Bd3 {[%clk 1:29:11]} Bb7 {[%clk 1:32:35]} 9. Nf3 {[%clk 1:26:09]} O-O {[%clk
1:32:18]} 10. O-O {[%clk 1:25:15]} Nbd7 {[%clk 1:32:25]} 11. Rc1 {[%clk
1:23:03]} Rc8 {[%clk 1:31:03]} 12. Qa4 {[%clk 1:20:37]} a5 {[%clk 1:26:57]} 13.
Bf5 {[%clk 1:17:40]} c6 {[%clk 1:23:51]} 14. Ne5 {[%clk 1:14:52]} b5 {[%clk
1:14:59]} 15. Qd1 {[%clk 1:15:05]} Rb8 {[%clk 1:11:33]} 16. Bg3 {[%clk
1:00:05]} Ra8 {[%clk 1:07:55]} 17. Nxd7 {[%clk 0:58:06]} Nxd7 {[%clk 1:07:46]}
18. Nxd5 {[%clk 0:57:35]} cxd5 {[%clk 1:07:30]} 19. Bxd7 {[%clk 0:57:53]} Qxd7
{[%clk 1:05:09]} 20. Rc7 {[%clk 0:58:18]} Qd8 {[%clk 1:02:20]} 21. Rxb7 {[%clk
0:58:41]} b4 {[%clk 1:01:15]} 22. Qg4 {[%clk 0:57:46]} f5 {[%clk 0:55:48]} 23.
Qf3 {[%clk 0:58:06]} g5 {[%clk 0:45:25]} 24. h4 {[%clk 0:48:50]} Kh7 {[%clk
0:37:14]} 25. hxg5 {[%clk 0:48:29]} hxg5 {[%clk 0:37:18]} 26. Qh5+ {[%clk
0:48:56]} Kg8 {[%clk 0:37:17]} 27. Qg6+ {[%clk 0:49:21]} 1-0

[Event "DVM U20 2019"]
[Site "Braunschweig GER"]
[Date "2019.12.30"]
[Round "7"]
[White "Meyer, Julian"]
[Black "Hoffmann, Lennard"]
[Result "0-1"]
[Termination "normal"]
[Board "2.5"]
[WhiteElo "1664"]
[BlackElo "2059"]
[WhiteClock "00:26:38"]
[BlackClock "00:21:55"]
[WhiteTeam "USV TU Dresden"]
[BlackTeam "SG Aufbau Elbe Magdeburg"]
[PlyCount "88"]
[WhiteFideId "16298608"]
[BlackFideId "12943495"]
[EventCountry "GER"]
[EventRounds "7"]
[EventType "team-swiss"]
[EventDate "2019.12.26"]

1. d4 {[%clk 1:30:58]} Nf6 {[%clk 1:30:55]} 2. c4 {[%clk 1:31:24]} c5 {[%clk
1:31:19]} 3. e3 {[%clk 1:31:50]} e6 {[%clk 1:29:37]} 4. Nc3 {[%clk 1:32:04]} d5
{[%clk 1:27:43]} 5. dxc5 {[%clk 1:30:20]} Bxc5 {[%clk 1:27:57]} 6. cxd5 {[%clk
1:30:45]} exd5 {[%clk 1:27:44]} 7. Nf3 {[%clk 1:30:58]} O-O {[%clk 1:27:17]} 8.
Be2 {[%clk 1:31:06]} Nc6 {[%clk 1:26:33]} 9. O-O {[%clk 1:30:58]} Bf5 {[%clk
1:21:12]} 10. Bd3 {[%clk 1:30:05]} Bg4 {[%clk 1:19:53]} 11. Be2 {[%clk
1:25:28]} Re8 {[%clk 1:17:54]} 12. Nd4 {[%clk 1:21:06]} Be6 {[%clk 1:16:36]}
13. Bb5 {[%clk 1:18:41]} Qc7 {[%clk 1:14:01]} 14. Nce2 {[%clk 1:14:00]} a6
{[%clk 1:12:24]} 15. Ba4 {[%clk 1:12:16]} b5 {[%clk 1:08:42]} 16. Bb3 {[%clk
1:09:44]} Bd6 {[%clk 1:04:05]} 17. Nxc6 {[%clk 1:02:41]} Qxc6 {[%clk 1:03:42]}
18. Bd2 {[%clk 1:01:24]} Bb8 {[%clk 0:56:42]} 19. Bc3 {[%clk 0:57:23]} Qd6
{[%clk 0:54:40]} 20. Ng3 {[%clk 0:56:29]} Ne4 {[%clk 0:47:24]} 21. Qd4 {[%clk
0:53:34]} f6 {[%clk 0:32:47]} 22. Bb4 {[%clk 0:50:58]} Qe5 {[%clk 0:27:40]} 23.
Qxe5 {[%clk 0:51:16]} Bxe5 {[%clk 0:27:24]} 24. Nxe4 {[%clk 0:51:04]} dxe4
{[%clk 0:27:42]} 25. Bxe6+ {[%clk 0:51:30]} Rxe6 {[%clk 0:28:03]} 26. Rab1
{[%clk 0:50:21]} a5 {[%clk 0:26:55]} 27. Bc3 {[%clk 0:50:03]} b4 {[%clk
0:26:10]} 28. Bxe5 {[%clk 0:50:13]} Rxe5 {[%clk 0:26:32]} 29. Rfd1 {[%clk
0:50:31]} Rc5 {[%clk 0:26:44]} 30. Rd2 {[%clk 0:47:52]} Rac8 {[%clk 0:26:45]}
31. Rbd1 {[%clk 0:48:11]} Rc2 {[%clk 0:26:31]} 32. g3 {[%clk 0:48:30]} a4
{[%clk 0:26:14]} 33. Kf1 {[%clk 0:38:59]} a3 {[%clk 0:25:22]} 34. b3 {[%clk
0:38:04]} Rb2 {[%clk 0:25:32]} 35. Rd8+ {[%clk 0:35:02]} Rxd8 {[%clk 0:25:56]}
36. Rxd8+ {[%clk 0:35:14]} Kf7 {[%clk 0:26:25]} 37. Rb8 {[%clk 0:35:24]} Rxa2
{[%clk 0:26:29]} 38. Rxb4 {[%clk 0:35:30]} Rb2 {[%clk 0:26:30]} 39. Ra4 {[%clk
0:35:04]} Rxb3 {[%clk 0:26:52]} 40. Kg2 {[%clk 0:32:45]} f5 {[%clk 0:26:31]}
41. Kh3 {[%clk 0:28:26]} g5 {[%clk 0:24:57]} 42. g4 {[%clk 0:26:23]} f4 {[%clk
0:21:22]} 43. Rxe4 {[%clk 0:26:31]} a2 {[%clk 0:21:38]} 44. Ra4 {[%clk
0:26:38]} fxe3 {[%clk 0:21:55]} 0-1

[Event "DVM U20 2019"]
[Site "Braunschweig GER"]
[Date "2019.12.30"]
[Round "7"]
[White "Wagner, Benjamin"]
[Black "Peukert, Marc"]
[Result "1-0"]
[Termination "normal"]
[Board "2.6"]
[WhiteElo "1994"]
[BlackElo "1518"]
[WhiteClock "00:33:57"]
[BlackClock "00:16:45"]
[WhiteTeam "SG Aufbau Elbe Magdeburg"]
[BlackTeam "USV TU Dresden"]
[PlyCount "51"]
[WhiteFideId "12957330"]
[BlackFideId "16259440"]
[EventCountry "GER"]
[EventRounds "7"]
[EventType "team-swiss"]
[EventDate "2019.12.26"]

1. e4 {[%clk 1:30:58]} c5 {[%clk 1:30:51]} 2. Nf3 {[%clk 1:31:26]} Nc6 {[%clk
1:30:38]} 3. d4 {[%clk 1:31:54]} cxd4 {[%clk 1:30:59]} 4. Nxd4 {[%clk 1:32:22]}
d6 {[%clk 1:30:52]} 5. Nc3 {[%clk 1:32:10]} Nf6 {[%clk 1:30:49]} 6. Bc4 {[%clk
1:29:05]} g6 {[%clk 1:26:50]} 7. Nxc6 {[%clk 1:26:04]} bxc6 {[%clk 1:25:44]} 8.
e5 {[%clk 1:23:57]} Nd7 {[%clk 1:06:27]} 9. exd6 {[%clk 1:22:34]} exd6 {[%clk
1:05:25]} 10. O-O {[%clk 1:10:04]} Ne5 {[%clk 0:53:09]} 11. Re1 {[%clk
1:08:44]} Be7 {[%clk 0:52:01]} 12. Bb3 {[%clk 0:58:58]} O-O {[%clk 0:50:09]}
13. Bf4 {[%clk 0:54:03]} Ng4 {[%clk 0:45:21]} 14. h3 {[%clk 0:48:54]} Nf6
{[%clk 0:43:53]} 15. Rxe7 {[%clk 0:48:37]} Qxe7 {[%clk 0:38:48]} 16. Bxd6
{[%clk 0:48:45]} Qd8 {[%clk 0:38:33]} 17. Bxf8 {[%clk 0:48:59]} Qxf8 {[%clk
0:38:15]} 18. Qf3 {[%clk 0:48:31]} Qe7 {[%clk 0:34:24]} 19. Qxc6 {[%clk
0:45:16]} Bb7 {[%clk 0:34:32]} 20. Qa4 {[%clk 0:42:11]} Nh5 {[%clk 0:30:50]}
21. Rd1 {[%clk 0:39:02]} Qg5 {[%clk 0:23:49]} 22. Bxf7+ Kh8 {[%clk 0:19:49]}
23. Bd5 {[%clk 0:33:13]} Bxd5 24. Nxd5 {[%clk 0:33:25]} Rd8 {[%clk 0:17:24]}
25. Qd4+ {[%clk 0:33:36]} Nf6 {[%clk 0:16:45]} 26. c4 {[%clk 0:33:57]} 1-0

[Event "DVM U20 2019"]
[Site "Braunschweig GER"]
[Date "2019.12.30"]
[Round "7"]
[White "Flüchter, Gregor"]
[Black "Goldbeck, Lars"]
[Result "1-0"]
[Termination "normal"]
[Board "3.1"]
[WhiteElo "2174"]
[BlackElo "2312"]
[WhiteClock "00:02:12"]
[BlackClock "00:04:38"]
[WhiteTeam "SF Brackel"]
[BlackTeam "SC Bavaria Regensburg"]
[PlyCount "80"]
[WhiteFideId "12903396"]
[BlackFideId "16208188"]
[EventCountry "GER"]
[EventRounds "7"]
[EventType "team-swiss"]
[EventDate "2019.12.26"]

1. e4 {[%clk 1:30:58]} c6 {[%clk 1:30:38]} 2. d4 {[%clk 1:31:17]} d5 {[%clk
1:31:07]} 3. exd5 {[%clk 1:31:31]} cxd5 {[%clk 1:31:36]} 4. c4 {[%clk 1:31:52]}
Nf6 {[%clk 1:32:05]} 5. Nc3 {[%clk 1:32:16]} Nc6 {[%clk 1:32:34]} 6. Bg5 {[%clk
1:32:44]} Ne4 {[%clk 1:32:59]} 7. Nxe4 {[%clk 1:32:31]} dxe4 {[%clk 1:33:27]}
8. d5 {[%clk 1:30:54]} Ne5 {[%clk 1:33:51]} 9. Qd4 {[%clk 1:05:00]} f6 {[%clk
1:32:56]} 10. Qxe4 {[%clk 0:39:27]} Qb6 {[%clk 1:33:19]} 11. Bd2 {[%clk
0:39:04]} e6 {[%clk 1:09:44]} 12. Be2 {[%clk 0:37:50]} Bc5 {[%clk 1:04:33]} 13.
f4 {[%clk 0:25:55]} Bxg1 {[%clk 0:45:58]} 14. fxe5 {[%clk 0:26:22]} Bf2+ {[%clk
0:42:33]} 15. Kd1 {[%clk 0:26:50]} O-O {[%clk 0:40:38]} 16. Bd3 {[%clk
0:26:25]} f5 {[%clk 0:41:07]} 17. Qe2 {[%clk 0:25:45]} Bd4 {[%clk 0:38:29]} 18.
Rb1 {[%clk 0:21:44]} Qa6 {[%clk 0:34:16]} 19. a3 {[%clk 0:19:02]} Qa4+ {[%clk
0:25:12]} 20. Bc2 {[%clk 0:17:49]} Qd7 {[%clk 0:25:40]} 21. d6 {[%clk 0:17:24]}
b5 {[%clk 0:23:44]} 22. cxb5 {[%clk 0:17:10]} Bb7 {[%clk 0:23:14]} 23. Re1
{[%clk 0:17:07]} Rac8 {[%clk 0:22:55]} 24. Bf4 {[%clk 0:14:47]} Rxc2 {[%clk
0:16:13]} 25. Kxc2 {[%clk 0:12:40]} Be4+ {[%clk 0:16:00]} 26. Kd2 {[%clk
0:12:25]} Qb7 {[%clk 0:13:40]} 27. Qc4 {[%clk 0:10:59]} Bf2 {[%clk 0:12:50]}
28. Rxe4 {[%clk 0:08:57]} fxe4 {[%clk 0:11:36]} 29. Be3 {[%clk 0:08:57]} Bxe3+
{[%clk 0:10:21]} 30. Kxe3 {[%clk 0:09:25]} Qb6+ {[%clk 0:10:50]} 31. Kd2 {[%clk
0:05:24]} Qf2+ {[%clk 0:09:17]} 32. Kc3 {[%clk 0:05:29]} Qe3+ {[%clk 0:08:17]}
33. Kb4 {[%clk 0:05:43]} Qd2+ {[%clk 0:08:18]} 34. Qc3 {[%clk 0:04:13]} Qd5
{[%clk 0:08:39]} 35. a4 {[%clk 0:03:40]} a6 36. bxa6 {[%clk 0:01:53]} Qa2
{[%clk 0:05:59]} 37. Rd1 {[%clk 0:02:18]} e3 {[%clk 0:04:49]} 38. d7 {[%clk
0:02:04]} e2 {[%clk 0:04:37]} 39. d8=Q {[%clk 0:01:56]} exd1=Q {[%clk 0:04:45]}
40. Qxd1 {[%clk 0:02:12]} Rb8+ {[%clk 0:04:38]} 1-0

[Event "DVM U20 2019"]
[Site "Braunschweig GER"]
[Date "2019.12.30"]
[Round "7"]
[White "Schneider, Jana"]
[Black "Kartsev, Nikolay"]
[Result "1-0"]
[Termination "normal"]
[Board "3.2"]
[WhiteTitle "FM"]
[WhiteElo "2210"]
[BlackElo "2092"]
[WhiteClock "00:09:25"]
[BlackClock "00:00:46"]
[WhiteTeam "SC Bavaria Regensburg"]
[BlackTeam "SF Brackel"]
[PlyCount "59"]
[WhiteFideId "12924997"]
[BlackFideId "12939536"]
[EventCountry "GER"]
[EventRounds "7"]
[EventType "team-swiss"]
[EventDate "2019.12.26"]

1. e4 {[%clk 1:30:57]} c5 {[%clk 1:04:15]} 2. Nf3 {[%clk 1:31:15]} d6 {[%clk
1:04:38]} 3. d4 {[%clk 1:30:57]} cxd4 {[%clk 1:05:01]} 4. Nxd4 {[%clk 1:31:24]}
Nf6 {[%clk 1:05:25]} 5. Nc3 {[%clk 1:31:48]} Nc6 {[%clk 1:05:47]} 6. Bg5 {[%clk
1:32:05]} e6 {[%clk 1:06:08]} 7. Qd2 {[%clk 1:31:42]} a6 {[%clk 1:06:31]} 8. f4
{[%clk 1:29:45]} h6 {[%clk 1:01:03]} 9. Bxf6 {[%clk 1:28:04]} Qxf6 {[%clk
0:59:27]} 10. Nf3 {[%clk 1:23:34]} Qd8 {[%clk 0:45:55]} 11. O-O-O {[%clk
1:16:41]} Be7 {[%clk 0:42:48]} 12. Kb1 {[%clk 1:11:05]} b5 {[%clk 0:34:31]} 13.
Bd3 {[%clk 1:06:57]} Bd7 {[%clk 0:30:03]} 14. f5 {[%clk 1:04:30]} Ne5 {[%clk
0:27:18]} 15. fxe6 {[%clk 1:00:52]} Bxe6 {[%clk 0:26:27]} 16. Nd4 {[%clk
0:50:04]} Qb6 {[%clk 0:20:39]} 17. Nd5 {[%clk 0:47:57]} Bxd5 {[%clk 0:20:00]}
18. exd5 {[%clk 0:48:21]} O-O {[%clk 0:17:53]} 19. h4 {[%clk 0:40:27]} Bf6
{[%clk 0:15:46]} 20. Nf5 {[%clk 0:34:15]} h5 {[%clk 0:11:36]} 21. Qf4 {[%clk
0:29:28]} Ng4 {[%clk 0:09:08]} 22. Rhf1 g6 {[%clk 0:07:41]} 23. Nh6+ {[%clk
0:14:52]} Nxh6 {[%clk 0:08:09]} 24. Qxf6 {[%clk 0:15:06]} Ng4 {[%clk 0:08:23]}
25. Qg5 {[%clk 0:15:10]} Qe3 {[%clk 0:07:04]} 26. Rf4 {[%clk 0:11:37]} Qe5
{[%clk 0:05:53]} 27. Bf5 {[%clk 0:09:16]} Qf6 {[%clk 0:03:09]} 28. Rxg4 {[%clk
0:09:20]} Qxg5 {[%clk 0:00:33]} 29. Rxg5 {[%clk 0:09:42]} Kh7 {[%clk 0:00:46]}
30. Rxh5+ {[%clk 0:09:25]} 1-0

[Event "DVM U20 2019"]
[Site "Braunschweig GER"]
[Date "2019.12.30"]
[Round "7"]
[White "Garbuz, Vitaliy"]
[Black "Oberhofer, Cédric"]
[Result "1/2-1/2"]
[Termination "normal"]
[Board "3.3"]
[WhiteElo "2064"]
[BlackElo "2260"]
[WhiteClock "00:30:55"]
[BlackClock "00:17:09"]
[WhiteTeam "SF Brackel"]
[BlackTeam "SC Bavaria Regensburg"]
[PlyCount "65"]
[WhiteFideId "12990710"]
[BlackFideId "12941220"]
[EventCountry "GER"]
[EventRounds "7"]
[EventType "team-swiss"]
[EventDate "2019.12.26"]

1. e4 {[%clk 1:05:15]} c5 {[%clk 1:30:44]} 2. d4 {[%clk 1:05:27]} cxd4 {[%clk
1:30:45]} 3. c3 {[%clk 1:05:47]} g6 {[%clk 1:30:31]} 4. Nf3 {[%clk 1:06:11]} d5
{[%clk 1:28:23]} 5. exd5 {[%clk 1:05:25]} Qxd5 {[%clk 1:28:34]} 6. Qxd4 {[%clk
1:03:53]} Nf6 {[%clk 1:26:40]} 7. Bc4 {[%clk 1:02:19]} Qxd4 {[%clk 1:26:46]} 8.
Nxd4 {[%clk 1:02:19]} a6 {[%clk 1:20:36]} 9. O-O {[%clk 1:01:14]} Bg7 {[%clk
1:18:52]} 10. Re1 {[%clk 0:59:18]} e6 {[%clk 1:19:00]} 11. a4 {[%clk 0:58:39]}
Bd7 {[%clk 1:15:38]} 12. Nd2 {[%clk 0:53:02]} O-O {[%clk 1:11:54]} 13. N2b3
{[%clk 0:52:37]} Nc6 {[%clk 1:09:01]} 14. Nxc6 {[%clk 0:51:14]} Bxc6 {[%clk
1:07:36]} 15. Na5 {[%clk 0:51:33]} Rac8 {[%clk 1:07:57]} 16. Nxc6 {[%clk
0:51:56]} Rxc6 {[%clk 1:08:25]} 17. Be2 {[%clk 0:52:15]} Nd5 {[%clk 1:00:46]}
18. Bf3 {[%clk 0:51:18]} b5 {[%clk 0:54:23]} 19. axb5 {[%clk 0:51:21]} axb5
{[%clk 0:54:52]} 20. Ra5 {[%clk 0:50:41]} Rb6 {[%clk 0:49:24]} 21. Bxd5 {[%clk
0:44:26]} exd5 {[%clk 0:49:34]} 22. Rd1 {[%clk 0:44:21]} Re8 {[%clk 0:32:32]}
23. Be3 {[%clk 0:44:21]} Rbb8 {[%clk 0:32:55]} 24. Rxd5 {[%clk 0:43:11]} b4
{[%clk 0:33:21]} 25. cxb4 {[%clk 0:41:47]} Rxb4 {[%clk 0:33:30]} 26. Rd7 {[%clk
0:38:30]} Bd4 {[%clk 0:31:36]} 27. h3 {[%clk 0:34:02]} Bxe3 {[%clk 0:30:43]}
28. fxe3 {[%clk 0:34:25]} Rxb2 {[%clk 0:26:00]} 29. Raa7 {[%clk 0:34:04]} Rf8
{[%clk 0:19:17]} 30. e4 {[%clk 0:32:32]} Rbb8 {[%clk 0:19:22]} 31. e5 {[%clk
0:32:05]} Rbd8 {[%clk 0:17:13]} 32. Re7 {[%clk 0:32:28]} Rde8 {[%clk 0:17:09]}
33. Kh2 {[%clk 0:30:55]} 1/2-1/2

[Event "DVM U20 2019"]
[Site "Braunschweig GER"]
[Date "2019.12.30"]
[Round "7"]
[White "Dechant, Georg"]
[Black "Elier, Ali"]
[Result "1/2-1/2"]
[Termination "normal"]
[Board "3.4"]
[WhiteElo "2065"]
[BlackElo "2032"]
[WhiteClock "01:07:35"]
[BlackClock "01:03:29"]
[WhiteTeam "SC Bavaria Regensburg"]
[BlackTeam "SF Brackel"]
[PlyCount "111"]
[WhiteFideId "12956716"]
[BlackFideId "16217543"]
[EventCountry "GER"]
[EventRounds "7"]
[EventType "team-swiss"]
[EventDate "2019.12.26"]

1. e4 {[%clk 1:30:56]} e5 {[%clk 1:30:56]} 2. Nf3 {[%clk 1:31:21]} Nc6 {[%clk
1:29:53]} 3. Bb5 {[%clk 1:31:45]} a6 {[%clk 1:30:20]} 4. Ba4 {[%clk 1:32:10]}
b5 {[%clk 1:30:47]} 5. Bb3 {[%clk 1:32:34]} Na5 {[%clk 1:31:13]} 6. O-O {[%clk
1:32:56]} d6 {[%clk 1:31:41]} 7. d4 {[%clk 1:32:52]} exd4 {[%clk 1:32:07]} 8.
Nxd4 {[%clk 1:32:15]} Bb7 {[%clk 1:32:32]} 9. Nf5 {[%clk 1:30:00]} g6 {[%clk
1:30:24]} 10. Ng3 {[%clk 1:29:54]} Bg7 {[%clk 1:29:11]} 11. Nc3 {[%clk
1:25:02]} Nxb3 {[%clk 1:27:33]} 12. axb3 {[%clk 1:25:26]} Nf6 {[%clk 1:27:46]}
13. b4 {[%clk 1:18:58]} O-O {[%clk 1:27:44]} 14. Bg5 {[%clk 1:18:32]} h6 {[%clk
1:27:48]} 15. Be3 {[%clk 1:18:56]} Qe7 {[%clk 1:06:42]} 16. Re1 {[%clk
1:16:00]} Rfe8 {[%clk 1:03:29]} 17. f3 {[%clk 1:07:35]} Kh7 {[%clk 0:54:45]}
18. Qd2 {[%clk 0:55:42]} Nd7 {[%clk 0:45:48]} 19. Bd4 {[%clk 0:51:23]} Bxd4+
{[%clk 0:42:09]} 20. Qxd4 {[%clk 0:51:50]} Qe5 {[%clk 0:42:22]} 21. Qf2 {[%clk
0:51:17]} Nb6 {[%clk 0:41:29]} 22. f4 {[%clk 0:50:37]} Qf6 {[%clk 0:39:00]} 23.
e5 {[%clk 0:41:13]} dxe5 {[%clk 0:38:40]} 24. Nge4 {[%clk 0:41:00]} Qf5 {[%clk
0:35:08]} 25. Nc5 {[%clk 0:36:36]} Bc6 {[%clk 0:25:57]} 26. fxe5 {[%clk
0:36:44]} Qxf2+ {[%clk 0:20:20]} 27. Kxf2 {[%clk 0:37:11]} Rad8 {[%clk
0:19:41]} 28. Re2 {[%clk 0:35:14]} Nc4 {[%clk 0:12:17]} 29. e6 {[%clk 0:34:26]}
fxe6 {[%clk 0:12:13]} 30. Rxa6 {[%clk 0:34:47]} Rd6 {[%clk 0:10:29]} 31. b3
{[%clk 0:34:44]} Nb6 {[%clk 0:10:38]} 32. Kg3 {[%clk 0:32:46]} e5 {[%clk
0:08:47]} 33. N3e4 {[%clk 0:30:35]} Bxe4 {[%clk 0:09:01]} 34. Nxe4 {[%clk
0:31:01]} Rc6 {[%clk 0:08:34]} 35. Ra5 {[%clk 0:30:55]} Nd5 {[%clk 0:06:22]}
36. Rxb5 {[%clk 0:31:13]} Nf4 {[%clk 0:05:24]} 37. Rd2 {[%clk 0:31:36]} g5
{[%clk 0:05:48]} 38. Rc5 {[%clk 0:31:21]} Rxc5 {[%clk 0:05:19]} 39. bxc5 {[%clk
0:31:41]} Re7 {[%clk 0:05:37]} 40. c6 {[%clk 0:31:07]} Kg6 {[%clk 0:06:01]} 41.
Rd7 {[%clk 0:31:04]} Kf7 {[%clk 0:04:33]} 42. Kf3 {[%clk 0:27:17]} Ne6 {[%clk
0:02:40]} 43. Rxe7+ {[%clk 0:26:07]} Kxe7 {[%clk 0:01:24]} 44. Kg4 {[%clk
0:26:20]} Nd4 {[%clk 0:00:49]} 45. Kh5 {[%clk 0:26:13]} Nxc2 {[%clk 0:01:10]}
46. Kxh6 {[%clk 0:26:23]} Nd4 {[%clk 0:01:35]} 47. Kxg5 {[%clk 0:25:54]} Nxc6
{[%clk 0:01:19]} 48. Kf5 {[%clk 0:26:17]} Nd4+ {[%clk 0:01:34]} 49. Kxe5 {[%clk
0:26:42]} Nxb3 {[%clk 0:01:55]} 50. Kd5 {[%clk 0:26:59]} Nc1 {[%clk 0:01:45]}
51. h4 {[%clk 0:26:58]} Kf7 {[%clk 0:01:50]} 52. Kc6 {[%clk 0:25:29]} Kg6
{[%clk 0:01:55]} 53. g4 {[%clk 0:25:03]} Nd3 {[%clk 0:01:50]} 54. Kxc7 {[%clk
0:25:06]} Ne5 {[%clk 0:02:10]} 55. Nf2 {[%clk 0:22:48]} Nxg4 {[%clk 0:02:00]}
56. Nxg4 {[%clk 0:23:03]} { Übertragungsfehler } 1/2-1/2

[Event "DVM U20 2019"]
[Site "Braunschweig GER"]
[Date "2019.12.30"]
[Round "7"]
[White "Kracht, Raphael"]
[Black "Gabler, Eric"]
[Result "0-1"]
[Termination "normal"]
[Board "3.5"]
[WhiteElo "2031"]
[BlackElo "2064"]
[WhiteClock "00:05:38"]
[BlackClock "00:09:41"]
[WhiteTeam "SF Brackel"]
[BlackTeam "SC Bavaria Regensburg"]
[PlyCount "66"]
[WhiteFideId "16214382"]
[BlackFideId "12949841"]
[EventCountry "GER"]
[EventRounds "7"]
[EventType "team-swiss"]
[EventDate "2019.12.26"]

1. e4 {[%clk 1:30:57]} c5 {[%clk 1:30:55]} 2. d4 {[%clk 1:31:24]} cxd4 3. c3
dxc3 {[%clk 1:31:46]} 4. Nxc3 {[%clk 1:32:15]} d6 {[%clk 1:32:09]} 5. Bc4
{[%clk 1:32:42]} Nc6 {[%clk 1:31:12]} 6. Nf3 e6 {[%clk 1:31:32]} 7. O-O {[%clk
1:33:34]} Nf6 {[%clk 1:31:06]} 8. Qe2 {[%clk 1:34:26]} Be7 9. Rd1 {[%clk
1:34:30]} e5 {[%clk 1:31:32]} 10. Be3 {[%clk 1:34:30]} O-O {[%clk 1:30:37]} 11.
Rac1 {[%clk 1:34:51]} Be6 {[%clk 1:26:56]} 12. b4 {[%clk 1:35:15]} Qe8 {[%clk
1:00:47]} 13. Bxe6 {[%clk 1:32:17]} fxe6 {[%clk 1:01:10]} 14. Qc4 {[%clk
1:32:44]} Qc8 {[%clk 0:52:15]} 15. Qb3 {[%clk 1:30:26]} Ne8 {[%clk 0:35:55]}
16. b5 {[%clk 1:21:55]} Na5 {[%clk 0:34:50]} 17. Qb4 {[%clk 1:22:03]} Bd8
{[%clk 0:33:46]} 18. Ne2 {[%clk 1:16:31]} Qb8 {[%clk 0:33:48]} 19. Ng3 {[%clk
1:12:57]} b6 {[%clk 0:32:58]} 20. h4 {[%clk 1:01:43]} Qb7 {[%clk 0:31:52]} 21.
h5 {[%clk 0:49:22]} h6 {[%clk 0:27:53]} 22. Rc2 {[%clk 0:33:38]} Bf6 {[%clk
0:24:24]} 23. Bc1 {[%clk 0:33:21]} Rf7 {[%clk 0:23:30]} 24. Bb2 {[%clk
0:33:21]} Rc8 {[%clk 0:23:30]} 25. Rxc8 {[%clk 0:16:01]} Qxc8 {[%clk 0:22:50]}
26. Nf1 {[%clk 0:16:01]} Rc7 {[%clk 0:22:50]} 27. Ne3 {[%clk 0:11:14]} Qb7
{[%clk 0:16:33]} 28. a4 {[%clk 0:09:07]} Qc8 {[%clk 0:14:42]} 29. Ba1 {[%clk
0:09:07]} Rc1 {[%clk 0:14:42]} 30. Qe1 {[%clk 0:08:59]} Rxd1 {[%clk 0:14:34]}
31. Qxd1 {[%clk 0:09:22]} Qc5 32. Kh2 {[%clk 0:05:35]} Be7 {[%clk 0:10:34]} 33.
Ne1 {[%clk 0:05:38]} Bg5 {[%clk 0:09:41]} { Übertragungsende, weitere Züge
fehlen } 1-0

[Event "DVM U20 2019"]
[Site "Braunschweig GER"]
[Date "2019.12.30"]
[Round "7"]
[White "Hoffmann, Jens"]
[Black "Thomsen, Phil"]
[Result "1-0"]
[Termination "normal"]
[Board "7.1"]
[WhiteElo "2113"]
[BlackElo "2147"]
[WhiteClock "00:29:57"]
[BlackClock "00:44:55"]
[WhiteTeam "SF HN-Biberach 1978 e.V."]
[BlackTeam "Sges Bensheim 1931"]
[PlyCount "99"]
[WhiteFideId "12946320"]
[BlackFideId "12955736"]
[EventCountry "GER"]
[EventRounds "7"]
[EventType "team-swiss"]
[EventDate "2019.12.26"]

1. e4 {[%clk 1:30:58]} c5 {[%clk 1:30:57]} 2. Nf3 {[%clk 1:31:23]} Nc6 {[%clk
1:31:24]} 3. d4 {[%clk 1:31:47]} cxd4 {[%clk 1:31:51]} 4. Nxd4 {[%clk 1:32:12]}
g6 {[%clk 1:32:18]} 5. c4 {[%clk 1:32:33]} Bg7 {[%clk 1:32:45]} 6. Be3 {[%clk
1:32:58]} Nf6 {[%clk 1:33:12]} 7. Nc3 {[%clk 1:33:22]} O-O {[%clk 1:33:38]} 8.
Be2 {[%clk 1:33:41]} d6 {[%clk 1:34:00]} 9. O-O {[%clk 1:34:06]} Bd7 {[%clk
1:34:08]} 10. Nc2 {[%clk 1:34:31]} a5 {[%clk 1:34:27]} 11. f4 {[%clk 1:25:34]}
a4 {[%clk 1:22:27]} 12. Rc1 {[%clk 1:17:24]} Qa5 {[%clk 1:19:45]} 13. c5 {[%clk
1:00:05]} Rad8 {[%clk 1:10:06]} 14. cxd6 {[%clk 0:58:20]} exd6 {[%clk 1:10:21]}
15. Na3 {[%clk 0:40:14]} Bc8 {[%clk 0:47:45]} 16. Nc4 {[%clk 0:38:33]} Qb4
{[%clk 0:45:31]} 17. a3 {[%clk 0:32:25]} Qb3 {[%clk 0:45:46]} 18. Bb6 {[%clk
0:30:11]} Be6 {[%clk 0:37:59]} 19. Qxb3 {[%clk 0:27:00]} axb3 {[%clk 0:38:24]}
20. Bxd8 {[%clk 0:24:10]} Rxd8 {[%clk 0:38:50]} 21. Rfd1 {[%clk 0:15:47]} d5
{[%clk 0:32:33]} 22. exd5 {[%clk 0:07:01]} Nxd5 {[%clk 0:32:39]} 23. Nxd5
{[%clk 0:07:22]} Rxd5 {[%clk 0:31:43]} 24. Rxd5 {[%clk 0:04:58]} Bxd5 {[%clk
0:32:05]} 25. Ne5 {[%clk 0:03:39]} g5 {[%clk 0:28:10]} 26. Bc4 {[%clk 0:02:09]}
gxf4 {[%clk 0:26:50]} 27. Bxd5 {[%clk 0:01:17]} Bxe5 {[%clk 0:26:39]} 28. Bxc6
{[%clk 0:00:55]} bxc6 {[%clk 0:25:59]} 29. Rxc6 {[%clk 0:00:58]} Bxb2 {[%clk
0:26:25]} 30. Rc8+ {[%clk 0:01:10]} Kg7 {[%clk 0:26:50]} 31. Rb8 {[%clk
0:00:48]} Bxa3 {[%clk 0:26:53]} 32. Rxb3 {[%clk 0:01:12]} Bc5+ {[%clk 0:26:25]}
33. Kf1 {[%clk 0:01:41]} Kg6 {[%clk 0:26:39]} 34. Ke2 {[%clk 0:01:46]} Bg1
{[%clk 0:26:51]} 35. Rh3 {[%clk 0:02:02]} h5 {[%clk 0:26:58]} 36. Kf3 {[%clk
0:01:16]} Kg5 {[%clk 0:27:10]} 37. Ke4 {[%clk 0:00:46]} Kg4 {[%clk 0:23:28]}
38. Ke5 {[%clk 0:00:54]} h4 {[%clk 0:22:30]} 39. Ke4 {[%clk 0:00:44]} f6 {[%clk
0:21:26]} 40. Kd3 {[%clk 0:00:45]} Kg5 {[%clk 0:20:31]} 41. Ke2 {[%clk
0:29:11]} Kg4 {[%clk 0:47:32]} 42. Kf1 {[%clk 0:29:08]} Be3 {[%clk 0:47:51]}
43. Rf3 {[%clk 0:29:10]} Kf5 {[%clk 0:47:47]} 44. Ke2 {[%clk 0:29:02]} Bg1
{[%clk 0:47:40]} 45. h3 {[%clk 0:29:19]} Be3 {[%clk 0:46:31]} 46. Rf1 {[%clk
0:29:34]} Bd4 {[%clk 0:45:08]} 47. Kf3 {[%clk 0:29:06]} Be5 {[%clk 0:45:02]}
48. Rb1 {[%clk 0:29:27]} Bc3 {[%clk 0:44:33]} 49. Rb5+ {[%clk 0:29:43]} Be5
{[%clk 0:44:55]} 50. Ra5 {[%clk 0:29:57]} 1-0